000 00292nam a22001337a 4500
008 181102b xxu||||| |||| 00| 0 eng d
020 _a9781118922019
041 _aeng
080 _a336.2
100 _a55
101 _aTAX
245 _aYour Income Tax 2015
_cLaser, J.K
942 _2udc
_cBK
999 _c51663
_d51663